00749nam a2200253 a 4500001001300000003000900013005001700022008004100039020002300080082001500103100001900118245005200137260003900189300000800228500003500236505001000271650002300281650002400304700001900328902000800347942000700355952011600362999001700478nice12345678IN_TiNIC20260116013210.0070405s1992 phia grp 000 0 eng  a1563380366 c15000a261.2bWIL aWiles, Maurice aChristian Theology and Inter-Religious Dialogue aPhiladelphiabTrinity Press c1992 a90p aincludes index and biblioraphy2 aIndex aTheology-Religions aInterfaith Dialogue1 aWiles, Maurice bSRS cBK 001040708StackRoom-aHMIbHMId2012-02-06g150.00l0o261.2 WILp015059r2012-02-06v150.00w2007-04-05yBK c10086d10086